Die 20 größten Städte Europas (Stand 2019) - Statistiken

Allgemein
  • Dieses Quiz wurde 1.650 mal gespielt
    1.035 seit der letzten Aktualisierung
  • Das Durchschnittsergebnis liegt bei 19 aus 20
Antwortstatistiken
Land Antwort % Korrekt
Deutschland Berlin
100%
Großbritannien London
100%
Russland Moskau
100%
Italien Rom
100%
Türkei Istanbul
99%
Spanien Madrid
99%
Frankreich Paris
99%
Österreich Wien
99%
Spanien Barcelona
98%
Deutschland Hamburg
98%
Ukraine Kiew
98%
Deutschland München
98%
Tschechien Prag
98%
Polen Warschau
98%
Italien Mailand
96%
Ungarn Budapest
95%
Rumänien Bukarest
92%
Weißrussland Minsk
92%
Russland St. Petersburg
88%
Ukraine Charkiw
34%
Keine übereinstimmenden Quizze gefunden
Verteilung der Resultate
Anzahl Personen mit jedem Resultat
Perzentil nach korrekt beantworteten Fragen
Ihre Resultats-Entwicklung
Sie haben dieses Quiz seit der letzten Aktualisierung nicht gespielt